000 00968nam a2200205Ia 4500
003 GCL
008 140319s9999 xx 000 0 ara d
040 _aGCL /
_cGCL
082 0 4 _aم
_b913.3
_bج ر
100 1 _aابن جبير : ابوالحسين محمد بن احمد بن جبير بن محمد الكنانى الاندلسى
245 1 0 _aرحلة الكاتب الاديب البارع اللبيب ابى الحسين محمد بن احمد بن جبير الكنانى الاندلسى البلنسى /
_cابن جبير : ابوالحسين محمد بن احمد بن جبير بن محمد الكنانى الاندلسى
260 _a[S.N] :
_bدار الكتاب اللبنانى
300 _a240 ص
650 0 4 _aالعادات والتقاليد
650 0 4 _aالرحلات
650 0 4 _aالرحالة العرب
650 0 4 _aالعرب والكشوف الجغرافية
650 0 4 _aالرحلات فى الادب
942 _2ddc
_cREF
999 _c59269
_d59269